| 000 | 00401nam a22001217a 4500 | ||
|---|---|---|---|
| 082 | _aPRO 220 | ||
| 100 |
_aNS HARAS AHMAD ZEESHAN NS ABDUL HANNAN NS NOKHEZ NAEEM _970876 |
||
| 245 | _aPR-SOF-1552-Hospital Management & Automation System (Smart Labs) | ||
| 260 |
_aISLAMABAD _bNUST COLLEGE OF EME _c2016 |
||
| 650 |
_a DE-COMP-34 _970877 |
||
| 700 |
_a SUPERVISOR DR. SHOAB A KHAN _969958 |
||
| 942 | _cCR | ||
| 999 |
_c577696 _d577696 |
||